000 00405nam a2200157Ia 4500
008 210210b2004 xxu||||| |||| 00| 0 eng d
020 _a81 259 0939 7
082 _a382.6 KAPE
100 _aKAPOOR (D C).
245 _aExport management.
260 _aND
_bVikas Publishing House Pvt Ltd.
_c2004
300 _aviii,528
650 _aExport management
690 _aExport Management
906 _a059763
999 _c106643
_d106643